| 000 | 00361nam a22001337a 4500 | ||
|---|---|---|---|
| 020 | _a9789332559554 | ||
| 040 | _cNUST | ||
| 082 |
_a629.89 _bAUS |
||
| 100 |
_aAuslander, D. M. & Kempf, C. J. _984731 |
||
| 245 |
_aMechatronics : _bMechanical system interfacing / |
||
| 260 |
_aNew Delhi. : _bPearson, _c2016. |
||
| 300 |
_aix, 242p. : _c23cm. |
||
| 942 |
_2ddc _cBK |
||
| 999 |
_c540501 _d540501 |
||